000 00304nam a2200121Ia 4500
008 220204s9999 xx 000 0 und d
082 _a542.91
_bMIL.1
245 0 _aInterfacial synthesis. V 1
260 _aNew York
_bMarcel Dekker
_c1977
700 _aCarraher, Charles E
700 _aFrank
942 _cBK
999 _c26323
_d26323